000 00300nam a22001337a 4500
008 181203b xxu||||| |||| 00| 0 eng d
020 _a9781740896085
041 _aeng
080 _a721
100 _a41
101 _aNDE
245 _aThe world's greatest Buildings
_cHowells,T
942 _2udc
_cBK
999 _c52704
_d52704